LEADER 01204nam0-22003851i-450- 001 990000671110403321 005 20150728125853.0 035 $a000067111 035 $aFED01000067111 035 $a(Aleph)000067111FED01 035 $a000067111 100 $a20020821d1980----km-y0itay50------ba 101 0 $aita 102 $aIT 105 $ay-------001yy 200 1 $a<>organizzazione del lavoro nei paesi dell'est$eCina e Unione Sovietica$fscritti di F. Bucarelli ... [et al.]$ga cura di Ferdinando Chiaromonte 210 $aMilano$cFrancoAngeli$d1980 215 $a203 p.$ctab.$d22 cm 225 1 $aSociologia del lavoro e delle organizzazioni$v7 610 0 $aLavoro$aorganizzazione$aunione Sovietica 610 0 $aLavoro$aorganizzazione$aCina 676 $a303.36$v22$zita 702 1$aBucarelli,$bFilippo 702 1$aChiaromonte,$bFerdinando 801 0$aIT$bUNINA$gRICA$2UNIMARC 901 $aBK 912 $a990000671110403321 952 $aDP X - 27$b5909$fDEC 952 $aA / BUC 2$b2699$fBFS 952 $a01 D I 19IS$fDINST 959 $aDEC 959 $aDINST 959 $aBFS 996 $aOrganizzazione del lavoro nei paesi dell'est$9326481 997 $aUNINA LEADER 01027nam0-22003371i-450- 001 990006419120403321 005 20090504130717.0 010 $a88-85669-27-1 035 $a000641912 035 $aFED01000641912 035 $a(Aleph)000641912FED01 035 $a000641912 100 $a20001103d1993----km-y0itay50------ba 101 0 $aita 105 $ay-------001yy 200 1 $aGioco e giustizia nell'Italia di Comune$fa cura di Gherardo Ortalli 210 $aTreviso$cFondazione Benetton$aRoma$cViella$dc1993 215 $a237 p.$d24 cm 225 1 $aLudica$ecollana di storia del gioco$v1 610 0 $aGioco - Aspetti socio-culturali - Sec. 13.-15. 676 $a306.48$v21$zita 702 1$aOrtalli,$bGherardo$f<1943- > 801 0$aIT$bUNINA$gRICA$2UNIMARC 901 $aBK 912 $a990006419120403321 952 $a306.48 ORT 1$bBibl.30672$fFLFBC 952 $aXVII 1186$b39815*$fFGBC 959 $aFLFBC 959 $aFGBC 996 $aGioco e giustizia nell'Italia di Comune$9649420 997 $aUNINA